| 000 | 00508nam a22001817a 4500 | ||
|---|---|---|---|
| 003 | PILC | ||
| 005 | 20160307154928.0 | ||
| 008 | 160307b xxu||||| |||| 00| 0 eng d | ||
| 020 | _a9789719905806 | ||
| 050 |
_ahF 5691 _b.Si621 2014 |
||
| 100 | _aSirug, Winston S. | ||
| 245 |
_aMathematics of investment / _cWinston S. Sirug. |
||
| 260 |
_aManila : _bMindshapers Co., Inc., _c2014. |
||
| 300 |
_a366 pages ; _c27 cm. |
||
| 650 | _aInvestment. | ||
| 650 | _aBusiness mathematics. | ||
| 942 |
_2lcc _cBK _kLOC |
||
| 999 |
_c291468 _d291468 |
||